01249nam a2200313 i 4500001000300000245012500003260005900128300002600187490001500213504002400228521011100252650004800363650004800411655004200459700004200501700003200543830001500575020001500590040000800605041000700613080001900620920001800639942000700657008004100664999001700705856009800722952005600820952005900876bg00aWybrane zagadnienia prawne :b[praca zbiorowa /cpod red. Janiny Ciechanowicz ; zespół aut. Andrzej Majewski et al.]. aWarszawa :bWydawnictwa Szkolne i Pedagogiczne,c1999. a169, [2] s. ;c24 cm.1 aAgrobiznes aBibliogr. s. [171]. aPodręcznik dla liceum, technikum i szkoły policealnej w zawodach rolnych i gospodarki żywnościowej. 9aPrawoxzagadnieniazPolskaystan na 1999 r. 9aPrawoxzagadnieniazPolskaystan na 1999 r. aPodręczniki dla szkół zawodowych1 aCIECHANOWICZ, Janinad(1952- ).eRed.1 aMAJEWSKI, Andrzejd(1953- ) aAgrobiznes a8302072915 cBPK0 apl a34(438)(075.3) a83-02-07291-5 cKS s pl f |000 0 pol  c39562d39562 uhttp://koha.tu.koszalin.pl/cgi-bin/koha/opac-detail.pl?biblionumber=39562yKatalog online BPK 00104071aBPKbBPKcco59054p01552904t34 NpyKS 00104071aBPKbBPKceho59055p01552898t34 P.NpyKS